header

Queen of the Confederacy (Record no. 3294)

MARC details
000 -LEADER
fixed length control field 01402nam a22003251a 4500
082 04 - DEWEY DECIMAL CLASSIFICATION NUMBER
Classification number 975.7/03/092
-- B
100 1# - MAIN ENTRY--AUTHOR NAME
Personal name Lewis, Elizabeth Wittenmyer,
245 10 - TITLE STATEMENT
Title Queen of the Confederacy
250 ## - EDITION STATEMENT
Edition statement 1st ed.
260 ## - PUBLICATION, DISTRIBUTION, ETC. (IMPRINT)
Place of publication Denton, Tex. :
Name of publisher University of North Texas Press,
Year of publication c2002.
300 ## - PHYSICAL DESCRIPTION
Number of Pages xvi, 253 p., [16] p. of plates :
Other physical details ill.
650 #0 - SUBJECT ADDED ENTRY--TOPICAL TERM
Topical Term Governors' spouses
Topical Term Women
856 40 - ELECTRONIC LOCATION AND ACCESS
Uniform Resource Identifier http://site.ebrary.com/lib/rucke/Doc?id=10005073

No items available.

© 2026 Rongo University
Contact us: librarian | system librarian | Rongo university